Nazwy pociągów Kolei Dolnośląskich - Statystyki

Ogólne statystyki
  • Ten quiz został rozwiązany 28 razy
  • Średni wynik to 13 z 72
Statystyki odpowiedzi
Linia Kategoria Nazwa % Poprawnych
D64 Sprinter Bystrzyca
46%
D10 Sprinter Kaczawa
46%
Sezonowe Premium Nadmorski
46%
D67 Sprinter Skalne Miasto
38%
D83 Sum
38%
D7 Szczupak
38%
D90 Sprinter Błędne Skały
31%
D70 Dolnośląska Kolej Aglomeracyjna
31%
D12 Sprinter Jan Wyżykowski
31%
D7 Karaś
31%
D10 Sprinter Nysa
31%
D67 Sprinter Pełcznica
31%
D14 Sprinter Witelon
31%
D14 Sprinter Bóbr
23%
D7 Karp
23%
D60 Sprinter Książ
23%
D12 Odra
23%
D7 Okoń
23%
Sezonowe Pociąg Do Kultury
23%
D91 Skalniak
23%
D4 Ślęża
23%
D9 Śnieżnik
23%
D90 Sprinter Szczeliniec
23%
D60 Sprinter Szklarka
23%
D60 Sprinter Szrenica
23%
D14 Sprinter Telemann
23%
D7 Widawa
23%
D40 Wielka Sowa
23%
D2 Zimnica
23%
D6 Sprinter Antracyt
15%
D12 Bornit
15%
D6 Borowa
15%
D11 Chalkozyn
15%
D64 Sprinter Charlotta
15%
D6 Sprinter Chełmiec
15%
D11 Cuprum
15%
D1 Sprinter Czocha
15%
D64 Sprinter Grodno
15%
D2 Sprinter Konrad Głogowski
15%
D1 Kwisa
15%
D1 Sprinter Łużyce
15%
D11 Sprinter Malachit
15%
D4 Radunia
15%
D6 Rudawy
15%
D12 Sprinter Tadeusz Zastawnik
15%
D6 Sprinter Trójgarb
15%
D9 Sprinter Twierdza
15%
D4 Wieżyca
15%
D3 Wilczka
15%
D11 Azuryt
8%
D7 Barycz
8%
D60 Sprinter Chybotek
8%
D11 Henryk Pobożny
8%
D1 Sprinter Iglica
8%
D91 Jawornik
8%
D11 Jerzy Wilhelm
8%
D6 Kalenica
8%
D14 Sprinter Kepler
8%
D83 Ryszard Szurkowski
8%
D10 Sprinter Skora
8%
D6 Sokoliki
8%
D6 Sprinter Sztygar
8%
D40 Wilhelm Rotkiewicz
8%
D1 Żak
8%
D1 Sprinter Boleslavia
0%
D4 Borsuk
0%
D1 Sprinter Ceramik
0%
D62 Izery
0%
D11 Katanga
0%
D62 Radon
0%
D91 Strzegomka
0%
D11 Tadeusz Glazór
0%
Nie znaleziono quizów pasujących do podanych kryteriów
Rozkład punktacji
Procent ludzi z każdym wynikiem
Percentyl według liczby udzielonych odpowiedzi
Twoja historia wyników
Nie rozwiązałeś tego quizu